[Event "TCh-FIN 2006-7"]
[Site "Helsinki FIN"]
[Date "2006.11.18"]
[Round "4"]
[White "Topi Hulmi,T"]
[Black "Halmeenmaki,T"]
[Result "1-0"]
[WhiteElo "2289"]
[BlackElo "2167"]

1.d4 f5 2.c4 Nf6 3.g3 g6 4.Bg2 Bg7 5.Nf3 O-O 6.O-O d6 7.Nc3 Qe8 8.d5 Na6
9.Rb1 Bd7 10.b4 c6 11.dxc6 bxc6 12.a3 Kh8 13.Bb2 Rb8 14.Qa4 Rb6 15.Rfd1 Qf7
16.e3 Ne4 17.Nd4 e5 18.Nf3 Be6 19.Qc2 Nxc3 20.Bxc3 Qe7 21.c5 dxc5 22.Nxe5 Bd5
23.Nxc6 Bxc6 24.Bxc6 Rxc6 25.b5 Rb6 26.bxa6 Rxa6 27.Bxg7+ Kxg7 28.Rd5 Kh6
29.Rxc5 Rxa3 30.Rc7 Qe5 31.Rbb7 Rh8 32.Re7 Ra1+ 33.Kg2 Qd5+ 34.e4 fxe4 35.Qxe4 Qxe4+
36.Rxe4 Rf8 37.f4 Ra2+ 38.Kh3 a5 39.Ree7 Rh8 40.g4  1-0

[Event "19th Belgrade Trophy"]
[Site "Belgrade SRB"]
[Date "2006.11.25"]
[Round "4"]
[White "Payen,Ar"]
[Black "Katic,G"]
[Result "1-0"]
[WhiteElo "2369"]
[BlackElo "2056"]

1.d4 f5 2.g3 Nf6 3.Bg2 g6 4.Nf3 Bg7 5.O-O O-O 6.c4 d6 7.Nc3 e6 8.Qc2 d5 9.Bg5 c6
10.e3 h6 11.Bxf6 Bxf6 12.b4 Nd7 13.b5 Qa5 14.Rab1 Nb6 15.Nd2 Bd7 16.Nb3 Qa3
17.Nc5 Bc8 18.bxc6 bxc6 19.cxd5 exd5 20.Rb3 Qa5 21.Rc1 Be7 22.N3a4 Nc4 23.Rc3 Rb8
24.Bf1 Bxc5 25.Rxc4 dxc4 26.Bxc4+ Kh7 27.Nxc5 Re8 28.Kg2 Qa3 29.Bb3 Re7 30.h4 h5
31.Qd2 Qb4 32.Qd1 Qb6 33.Qf3 Qc7 34.Qe2 Qd6 35.Qc4 Bd7 36.Rc2 Qf6 37.Rc1 Rf8
38.Nxd7 Rxd7 39.Qxc6 Qxc6+ 40.Rxc6 Rfd8 41.Ra6 Kg7 42.Kf3 Re7 43.Be6 Kf6
44.Bd7+ Kg7 45.Be6 Rde8 46.d5 Rb8 47.Kf4 Rbe8 48.Ke5 Rb8 49.f3 Rb2 50.e4 fxe4
51.fxe4 Rb8 52.a4  1-0

[Event "Polyarniy Krug"]
[Site "Salekhard RUS"]
[Date "2006.12.05"]
[Round "7"]
[White "Riazantsev,A"]
[Black "Gutenev,A"]
[Result "1-0"]
[WhiteElo "2632"]
[BlackElo "2256"]

1.d4 f5 2.g3 Nf6 3.Bg2 g6 4.Nf3 Bg7 5.O-O O-O 6.c4 d6 7.Nc3 Qe8 8.d5 Na6
9.Rb1 Bd7 10.b4 c6 11.dxc6 bxc6 12.a3 Nc7 13.Bb2 Ne6 14.c5 d5 15.Na2 Nd8
16.Nc1 Nf7 17.Nd3 g5 18.Nfe5 Nxe5 19.Nxe5 a6 20.Qd2 h6 21.f3 Be6 22.Bd4 Qc8
23.Rb3 Bf7 24.Qb2 Re8 25.Kh1 Nd7 26.Nxf7 Bxd4 27.Nxh6+ Kh7 28.Qxd4 Kxh6 29.e4 e5
30.Qd2 Nf6 31.exd5 Nxd5 32.f4 e4 33.fxg5+ Kg6 34.g4 f4 35.Rxf4 Nxf4 36.Qxf4 Qe6
37.Re3 Rad8 38.h4 Rd1+ 39.Kh2 Rd4 40.Kg3 Kg7 41.h5 Rf8 42.h6+  1-0

[Event "TCh-NED 2006-7"]
[Site "Netherlands NED"]
[Date "2006.12.16"]
[Round "4"]
[White "Strating,S"]
[Black "Reinderman,D"]
[Result "1/2-1/2"]
[WhiteElo "2279"]
[BlackElo "2496"]

1.d4 f5 2.g3 Nf6 3.Bg2 g6 4.Nf3 Bg7 5.O-O O-O 6.c4 d6 7.Nc3 Qe8 8.d5 a5 9.Nd4 Na6
10.e4 fxe4 11.Nxe4 Nxe4 12.Bxe4 Bh3 13.Re1 Nc5 14.Bh1 Rf7 15.Be3 Qd7 16.Qd2 a4
17.b4 axb3 18.axb3 Re8 19.Ra7 Bxd4 20.Qxd4 Nxb3 21.Qc3 Nc5 22.Bxc5 dxc5 23.Rxb7 Ref8
24.Rb2 Qd6 25.Be4 Rf6 26.Ra1 Bg4 27.Ra5 Bf3 28.Bxf3 Rxf3 29.Qe1 R8f6 30.Re2 Kf7
31.Raa2 Rd3 32.Re3 Rxe3 33.Qxe3 Kg7 34.Ra5 e6 35.Rxc5 exd5 36.Rxd5 Qc6 37.Qd4 Kg8
38.c5 h5 39.Rd8+ Rf8 40.Qd5+ Qxd5 41.Rxd5 Rf6 42.f4 Kf8 43.Kf2 Ke7 44.Ke3 Ra6
45.Re5+ Kf6 46.Re8 Ra2 47.Rc8 Rxh2 48.Rxc7 Rg2 49.Kf3 Rc2 50.Rc8 Rc3+ 51.Kg2 Rc2+
52.Kh3 Rc3 53.c6 Kg7 54.Kg2 Kh7 55.Kf2 Kg7 56.Rc7+ Kf6 57.Rc8 Kg7 58.c7 Rc2+
59.Ke3 Rc1 60.Kf3 Rc2 61.f5 gxf5 62.Kf4 Rc4+ 63.Kg5 Rc5 64.Kf4 Rc4+ 65.Kxf5 Rc5+
66.Kf4 Kh7 67.Ke4 Kg7 68.Kd4 Rc1 69.Ke5 Rc2 70.Ke6 Rc1 71.Kd6  1/2-1/2

[Event "6th Amplico AIG Life"]
[Site "Warsaw POL"]
[Date "2006.12.17"]
[Round "10"]
[White "Solys,L"]
[Black "Kaliszewski,T"]
[Result "1-0"]
[WhiteElo "2321"]
[BlackElo "2167"]

1.d4 f5 2.Nf3 Nf6 3.g3 g6 4.Bg2 Bg7 5.O-O O-O 6.c4 d6 7.Nc3 Nc6 8.b3 e5 9.dxe5 dxe5
10.Ba3 Re8 11.Qc2 Nd4 12.Nxd4 exd4 13.Rad1 c6 14.Bc5 Ng4 15.h3 Nh6 16.Qd2 Be6
17.Bxd4 Qe7 18.Bxg7 Qxg7 19.Qd4 Qf7 20.e3 a6 21.Na4 Qe7 22.Qd6 Qf6 23.Nc5 Nf7
24.Qc7 Re7 25.Qb6 Rb8 26.a4 Rbe8 27.Rd4 Bc8 28.Rfd1 Qe5 29.Nd7 Qe6 30.Nc5 Qe5
31.Nd3 Qe6 32.Qc5 Qf6 33.b4 Kg7 34.b5 cxb5 35.axb5 b6 36.Qb4 axb5 37.cxb5 h6
38.Nf4 Qe5 39.Bc6 Rf8 40.Nd5 Ra7 41.h4 g5 42.Nxb6 gxh4 43.Rxh4 Ng5 44.Qd4 Qxd4
45.Rhxd4 Ra2 46.R4d2 Ra3 47.Nxc8 Rxc8 48.Kg2 Rb3 49.Rd7+ Kf8 50.R1d6 Nf7
51.Rf6 Ra8  1-0

[Event "6th Amplico AIG Life"]
[Site "Warsaw POL"]
[Date "2006.12.17"]
[Round "11"]
[White "Cmilyte,V"]
[Black "Muzychuk,M"]
[Result "1-0"]
[WhiteElo "2469"]
[BlackElo "2278"]

1.d4 f5 2.g3 Nf6 3.Bg2 g6 4.Nf3 Bg7 5.c4 O-O 6.O-O e6 7.b3 d6 8.Bb2 Qe7 9.Nbd2 Nc6
10.Qc1 Rd8 11.Re1 Ne4 12.d5 exd5 13.cxd5 Nb4 14.Bxg7 Qxg7 15.Nxe4 fxe4 16.Ng5 Nxd5
17.Qc4 Qe5 18.Bxe4 c6 19.f4 Qe7 20.Bxd5+ cxd5 21.Qxd5+ Kg7 22.Qd4+ Kh6 23.e4 Bd7
24.e5 dxe5 25.Rxe5 Qf6 26.Nxh7 Qb6 27.Qxb6 axb6 28.Ng5 Re8 29.Rae1 Rxe5 30.Rxe5 Re8
31.Kf2 Rxe5 32.Nf7+ Kg7 33.Nxe5 Bf5 34.b4 Kf6 35.h4 Be6 36.a3 b5 37.Ke3 b6
38.Kd4 Kf5 39.Ke3 Kf6 40.g4 Bc8 41.Ke4 Bb7+ 42.Kd4 Bg2 43.Nd7+ Ke6 44.Nxb6 Bh3
45.g5 Kf5 46.Nd5 Kg4 47.Ne7 Kh5 48.Ke5 Bf1 49.Kf6 Bd3 50.f5 gxf5 51.Nxf5 Kg4
52.Nd6 Kxh4 53.g6 Kg4 54.g7 Bh7 55.Nxb5 Kf4 56.Nd6 Ke3 57.b5  1-0

[Event "Masters"]
[Site "Singapore SIN"]
[Date "2006.12.28"]
[Round "6"]
[White "Ye Naung Win Myint"]
[Black "Gunsen,B"]
[Result "1/2-1/2"]
[WhiteElo "2524"]
[BlackElo "2231"]

1.d4 f5 2.c4 Nf6 3.Nf3 g6 4.g3 Bg7 5.Bg2 O-O 6.O-O d6 7.Nc3 Qe8 8.d5 a5 9.Nd4 Na6
10.Bg5 Nc5 11.Bxf6 Bxf6 12.e3 Bd7 13.Qd2 c6 14.Rad1 Rc8 15.Rfe1 Qf7 16.e4 fxe4
17.Nxe4 Nxe4 18.Bxe4 Bg4 19.f3 Bxd4+ 20.Qxd4 e5 21.Qd2 cxd5 22.Bxd5 Be6 23.b3 Bxd5
24.Qxd5 Qxd5 25.Rxd5 Rxf3 26.Kg2 Rc3 27.Rxd6 Rc2+ 28.Kh3 Re8 29.Rd5 e4 30.Rxa5 e3
31.Rd5 Rxa2 32.Rd3 e2 33.Kg2 Ra6 34.Rf3 Rae6 35.Kf2 Re4 36.Rd3 Rf8+ 37.Kg2  1/2-1/2

[Event "TCh-BEL 2006-7"]
[Site "Belgium BEL"]
[Date "2007.01.14"]
[Round "6"]
[White "Feller,S"]
[Black "Huesmann,T"]
[Result "1-0"]
[WhiteElo "2431"]
[BlackElo "2296"]

1.d4 f5 2.g3 Nf6 3.Bg2 g6 4.Nf3 Bg7 5.O-O O-O 6.c4 d6 7.Nc3 Qe8 8.d5 a5 9.Ne1 Na6
10.Nd3 Bd7 11.Bd2 c6 12.Qb3 cxd5 13.Nxd5 Ne4 14.Bxa5 e6 15.Nb6 Nac5 16.Nxc5 Nxc5
17.Qb4 Ra6 18.Rad1 Bc6 19.Rxd6 Bxg2 20.Kxg2 Be5 21.Qxc5 Bxd6 22.Qxd6 Rxa5
23.a4 Qc6+ 24.Qxc6 bxc6 25.b4 Ra7 26.Rd1 Kf7 27.b5 cxb5 28.axb5 Rc7 29.Nd7 Rd8
30.Ne5+ Ke8 31.Rc1 Rb8 32.Ra1 Rb6 33.f4 Ke7 34.h3 Kd6 35.Kf3 Kc5 36.Ke3 Kb4
37.Rb1+ Kc3 38.c5 Rb8 39.b6 Rxc5 40.Rc1+  1-0

[Event "TCh-AUT 2006-7"]
[Site "Leoben AUT"]
[Date "2007.01.18"]
[Round "4"]
[White "Freitag,M"]
[Black "Moser,Gu"]
[Result "1/2-1/2"]
[WhiteElo "2402"]
[BlackElo "2369"]

1.d4 f5 2.g3 Nf6 3.Bg2 g6 4.Nf3 Bg7 5.O-O O-O 6.c4 d6 7.Nc3 Nc6 8.d5 Ne5
9.Nxe5 dxe5 10.b4 e4 11.Qb3 h6 12.Bb2 Kh7 13.Rad1 Bd7 14.c5 Qe8 15.b5 b6
16.c6 Bc8 17.f3 exf3 18.exf3 f4 19.Rfe1 Qf7 20.Qb4 Ng8 21.Ne4 a6 22.Bxg7 Qxg7
23.Nc3 a5 24.Qd4 Rf7 25.d6 exd6 26.Re8 Nf6 27.Rd8 Rf8 28.Rxf8 Qxf8 29.Re1 Qf7
30.Qxf4 Be6 31.Bf1 Re8 32.Bd3 Bf5 33.Rxe8 Qxe8 34.Kf2 Qe6 35.Bc4 Qe7 36.g4 Bc8
37.Qe3 Qf8 38.Ke2 Kg7 39.Be6 Bxe6 40.Ke1  1/2-1/2

[Event "14th Belisce Metalis Open"]
[Site "Bizovac CRO"]
[Date "2007.02.25"]
[Round "7"]
[White "Radosavljevic,P"]
[Black "Havas,L"]
[Result "1/2-1/2"]
[WhiteElo "2116"]
[BlackElo "2304"]

1.d4 f5 2.g3 Nf6 3.Bg2 g6 4.Nf3 Bg7 5.O-O O-O 6.c4 d6 7.Nc3 Qe8 8.d5 Na6
9.Nd4 Bd7 10.Rb1 c6 11.b4 Nxb4 12.a3 c5 13.Ne6 Bxe6 14.dxe6 Nc6 15.Rxb7  1/2-1/2

[Event "FSGM March"]
[Site "Budapest HUN"]
[Date "2007.03.06"]
[Round "4"]
[White "Farago,I"]
[Black "Potapov,P"]
[Result "1/2-1/2"]
[WhiteElo "2531"]
[BlackElo "2380"]

1.d4 f5 2.Nf3 Nf6 3.g3 g6 4.Bg2 Bg7 5.O-O O-O 6.c4 d6 7.Nc3 Qe8 8.Nd5 Nxd5
9.cxd5 Nd7 10.Ng5 Nb6 11.Qc2 h6 12.Ne6 Bxe6 13.dxe6 c6 14.e4 fxe4 15.Qxe4 Rf6
16.Qh4 Qf8 17.Qg4 d5 18.b3 Kh7 19.Ba3 Rd8 20.Rae1 Nc8 21.f4 Nd6 22.Qd1 Qh8
23.Qd3 Rff8 24.Rd1 Bf6 25.g4 Nb5 26.Bb2 Nc7 27.g5 Bg7 28.f5 gxf5 29.gxh6 Bxh6
30.Rxf5 Kg8 31.Qg3+ Qg7 32.Rxf8+ Rxf8 33.Qxc7 Bf4 34.Qa5 Bxh2+ 35.Kxh2 Qh6+
36.Kg1 Qe3+ 37.Kh1 Qh6+  1/2-1/2

[Event "FSGM March"]
[Site "Budapest HUN"]
[Date "2007.03.08"]
[Round "6"]
[White "Berczes,D"]
[Black "Potapov,P"]
[Result "1/2-1/2"]
[WhiteElo "2433"]
[BlackElo "2380"]

1.d4 f5 2.g3 Nf6 3.Bg2 g6 4.Nf3 Bg7 5.O-O O-O 6.c4 d6 7.Nc3 Qe8 8.d5 a5 9.Rb1 Na6
10.a3 Nc5 11.Nb5 Qd8 12.b4 axb4 13.axb4 Na4 14.Nfd4 e5 15.dxe6 c6 16.Bxc6 bxc6
17.Nxc6 Qe8 18.Na5 Nb6 19.Qd4 Nfd5 20.Qd3 Ba6 21.Nxd6 Qxe6 22.cxd5 Nxd5 23.b5 Nc3
24.Rb2 Bc8 25.Nc6 Bd7 26.Qc4  1/2-1/2

[Event "Mediterranean Flower WGM"]
[Site "Rijeka CRO"]
[Date "2007.03.08"]
[Round "7"]
[White "Medic,Mir"]
[Black "Titova Boric,E"]
[Result "0-1"]
[WhiteElo "2260"]
[BlackElo "2281"]

1.d4 f5 2.Nf3 Nf6 3.g3 g6 4.Bg2 Bg7 5.O-O O-O 6.c4 d6 7.Nc3 Qe8 8.d5 Na6
9.Rb1 c5 10.dxc6 bxc6 11.b4 Rb8 12.a3 Bd7 13.Bb2 Nc7 14.Qd3 h6 15.Ba1 Kh7
16.Rfd1 a5 17.Na4 axb4 18.axb4 c5 19.b5 Nxb5  0-1

[Event "I Open"]
[Site "La Laguna ESP"]
[Date "2007.03.10"]
[Round "7"]
[White "Mikhalevski,V"]
[Black "Herraiz Hidalgo,H"]
[Result "1-0"]
[WhiteElo "2590"]
[BlackElo "2498"]

1.d4 f5 2.g3 Nf6 3.Bg2 g6 4.c4 Bg7 5.Nf3 O-O 6.O-O d6 7.Nc3 Qe8 8.d5 Na6
9.Rb1 Nc5 10.Ng5 a5 11.Be3 Kh8 12.Qc1 Rb8 13.Bxc5 dxc5 14.Nb5 Qd8 15.Qe3 h6
16.Nf3 c6 17.dxc6 bxc6 18.Nc3 Qd6 19.Na4 f4 20.Qxf4 Qxf4 21.gxf4 Bf5 22.Rbc1 Nh5
23.e3 Bxb2 24.Nxb2 Rxb2 25.Ne5 Kg7 26.Bxc6 g5 27.fxg5 hxg5 28.a4 Nf6 29.f4 g4
30.Rf2 Rfb8 31.Bb5 Rxf2 32.Kxf2 Rd8 33.Bc6 Rd2+ 34.Kg1 Re2 35.Rc3 Ne4 36.Bxe4 Bxe4
37.Rb3 Rg2+ 38.Kf1 Rxh2 39.Nxg4 Ra2 40.Ne5 Rxa4 41.Rb5 Ra2 42.Rxc5 a4 43.Ra5 a3
44.Ke1 Kf6 45.Kd1 e6 46.Ra7 Bc2+ 47.Kd2 Kf5 48.Kc3 Bd1 49.Kd3 Be2+ 50.Kd4 Rd2+
51.Kc3 Ra2 52.c5 Ra1 53.c6 a2 54.Kb2 Rb1+ 55.Kxa2 Rc1 56.Kb2 Rc5 57.c7 Ke4
58.Nd7 Rc6 59.Ka3 Kxe3 60.Ka4 e5 61.fxe5 Bg4 62.Nf8 Rc1 63.e6 Kd4 64.Kb3 Kd5
65.e7 Re1 66.Ng6 Kd6 67.Ra8 Re3+ 68.Kc2 Re2+ 69.Kc3 Re3+ 70.Kd4  1-0

[Event "Rector Cup m"]
[Site "Kharkiv UKR"]
[Date "2007.03.19"]
[Round "2"]
[White "Maiorov,N"]
[Black "Ivanov,AA"]
[Result "1-0"]
[WhiteElo "2516"]
[BlackElo "2357"]

1.d4 f5 2.c4 Nf6 3.Nf3 g6 4.g3 Bg7 5.Bg2 O-O 6.O-O d6 7.Nc3 c6 8.d5 e5 9.dxe6 Bxe6
10.b3 Na6 11.Ng5 Qe7 12.Ba3 Rad8 13.Nxe6 Qxe6 14.Rc1 Rfe8 15.e3 Nc7 16.Qe2 d5
17.cxd5 Ncxd5 18.Nxd5 Nxd5 19.Qc4 Nb6 20.Qc2 Bf8 21.Bb2 Bg7 22.Bxg7 Kxg7
23.Rfd1 Qf6 24.a4 Nc8 25.b4 a6 26.b5 axb5 27.axb5 Ne7 28.bxc6 bxc6 29.Qc5 Kf8
30.Bf3 Kg7 31.Kg2 Qe6 32.h3 Kf7 33.Rb1 Kf6 34.Qa5 Rxd1 35.Rxd1 Nd5 36.Bxd5 cxd5
37.Rxd5 Kf7 38.Kh2 Re7 39.Qd2 h5 40.Rd4 Kg7 41.Qc3 Kh7 42.Rb4 Qf7 43.Rb6 Qa2
44.Rb2 Qf7 45.Qd4 Re4 46.Qd8 Qg7 47.Rc2 Re7 48.Rd2 Rf7 49.Rd4 Qe5 50.Rd7 Qg7
51.Rxf7 Qxf7 52.Qg5 Qc7 53.Qh4 Qd6 54.Qc4 Qe7 55.Qd5 Qc7 56.Kg2 Qe7 57.Kf3 Qc7
58.Kg2 Qe7 59.Qc6 Kh6 60.Kf3 Qe5 61.Qb7 Qd6 62.Kg2 Qf6 63.Qd7 Qe5 64.Qd4 Qe8
65.g4 hxg4 66.hxg4 fxg4 67.Qxg4 Qc6+ 68.Qf3 Qc5 69.Qf4+ Kh7 70.e4 Kg7 71.Qd2 Qe5
72.Qd7+ Kf6 73.Qg4 Kf7 74.Qf3+ Ke7 75.Kh3 Qh8+ 76.Kg3 Qe5+ 77.Qf4 Qc5 78.e5 Qc6
79.f3 Qb6 80.Kh4 Ke8 81.Kg5  1-0

[Event "zt 2.5 m"]
[Site "San Luis ARG"]
[Date "2007.03.22"]
[Round "6"]
[White "Needleman,G"]
[Black "Rodriguez,And URU"]
[Result "1-0"]
[WhiteElo "2437"]
[BlackElo "2538"]

1.d4 f5 2.Nf3 Nf6 3.g3 g6 4.Bg2 Bg7 5.O-O O-O 6.c4 d6 7.Nc3 Nc6 8.d5 Ne5
9.Nxe5 dxe5 10.Qb3 h6 11.c5 Kh8 12.Rd1 a6 13.Bd2 Qe8 14.Rac1 g5 15.Be1 e4
16.f3 exf3 17.exf3 f4 18.g4 e5 19.h3 h5 20.Bf2 hxg4 21.hxg4 Nxg4 22.fxg4 f3
23.Bh3 Qg6 24.Rd2 Qh7 25.Bf1 Rf4 26.Bg3 Rxg4 27.Kf2 Bf5 28.Ne2 Rf8 29.Ke1 fxe2
30.Rxe2 Re4 31.Bg2 Rxe2+ 32.Kxe2 Bh3 33.Rh1 g4 34.Qd3 Qh5 35.Be4 Qf7 36.Kd1 c6
37.d6 Qe6 38.Kc2 Qxa2 39.d7 Bf6 40.Bxe5 Bxe5 41.Rxh3+ gxh3 42.Qxh3+ Kg7 43.Qh7+ Kf6
44.Qf5+ Ke7 45.Qxf8+ Kxf8 46.d8=Q+ Kf7 47.Qd7+ Kf8 48.Qf5+  1-0

[Event "Vladimir Zak mem"]
[Site "St Petersburg RUS"]
[Date "2007.03.30"]
[Round "7"]
[White "Torshin,An"]
[Black "Melnikov,D"]
[Result "0-1"]
[WhiteElo "2132"]
[BlackElo "2353"]

1.d4 f5 2.g3 Nf6 3.c4 g6 4.Bg2 Bg7 5.Nf3 O-O 6.O-O d6 7.Nc3 Qe8 8.b3 e5 9.dxe5 dxe5
10.e4 Nc6 11.Ba3 Rf7 12.Qc2 fxe4 13.Nxe4 Nxe4 14.Qxe4 Bf5 15.Qh4 h6 16.Rae1 Rd8
17.Rd1 Rxd1 18.Rxd1 e4 19.Ne1 Qe6 20.h3 g5 21.Qh5 g4 22.hxg4 Bxg4 23.Qd5 Qf6
24.Rd2 e3 25.fxe3 Qa1 26.Be4 Qxe1+ 27.Kh2 Be6 28.Qxe6 Qxd2+ 29.Kg1 Qe1+ 30.Kh2 Qf2+
31.Kh3 Qf1+ 32.Kh2 Qe2+ 33.Kh1 Qh5+ 34.Kg2 Qe5 35.Qg6 Ne7 36.Qh7+ Kf8 37.Bd5 Qf5  0-1

[Event "Easter Open"]
[Site "Oberhausen GER"]
[Date "2007.04.06"]
[Round "3"]
[White "Henrichs,W"]
[Black "Kummerow,H"]
[Result "0-1"]
[WhiteElo "2071"]
[BlackElo "2282"]

1.d4 f5 2.g3 Nf6 3.Bg2 g6 4.Nf3 Bg7 5.O-O O-O 6.c4 d6 7.Nc3 Qe8 8.d5 a5 9.Be3 Na6
10.Qd2 Bd7 11.Rae1 c6 12.Bd4 cxd5 13.Bxf6 Bxf6 14.Nxd5 Qf7 15.Ng5 Bxg5 16.Qxg5 e6
17.Nc7 Rab8 18.e4 fxe4  0-1

[Event "45th Doeberl Cup"]
[Site "Canberra AUS"]
[Date "2007.04.07"]
[Round "3"]
[White "Mikhalevski,V"]
[Black "Lane,G"]
[Result "1/2-1/2"]
[WhiteElo "2590"]
[BlackElo "2421"]

1.d4 f5 2.g3 Nf6 3.Bg2 g6 4.c4 Bg7 5.Nf3 O-O 6.O-O d6 7.Nc3 Qe8 8.d5 Na6
9.Rb1 Bd7 10.b4 c6 11.dxc6 bxc6 12.a3 Nc7 13.Bb2 h6 14.c5 Ne4 15.Qb3+ Qf7
16.Qxf7+ Rxf7 17.Rfc1 Ne6 18.cxd6 exd6 19.b5 Rc8 20.bxc6 Rxc6 21.Nd5 Bxb2
22.Rxc6 Bxc6 23.Nb4 Bxa3 24.Nxc6 Bc5 25.e3 Rc7 26.Nfd4 Kg7 27.Nb4 a5 28.Na6 Ra7
29.Bf1 a4 30.Bc4 a3 31.Ba2 Nc7 32.Nxc7 Rxc7 33.Nb3 g5 34.Nc1 d5 35.Ne2 Bd6
36.Nd4 Rf7 37.Rb6 Be5 38.Ne6+  1/2-1/2

[Event "Reykjavik International"]
[Site "Reykjavik ISL"]
[Date "2007.04.16"]
[Round "6"]
[White "Buckley,G"]
[Black "Johannesson,I"]
[Result "1-0"]
[WhiteElo "2390"]
[BlackElo "2299"]

1.d4 f5 2.g3 Nf6 3.Bg2 g6 4.Nf3 Bg7 5.O-O O-O 6.c4 d6 7.Nc3 Qe8 8.d5 a5 9.e4 fxe4
10.Ng5 Na6 11.Be3 Ng4 12.Bd4 Ne5 13.Bxe4 Bg4 14.f3 Bd7 15.f4 Bg4 16.Ne2 Nd7
17.Bxg7 Kxg7 18.Bf3 h6 19.Qd4+ Kg8 20.Bxg4 hxg5 21.Be6+ Kh7 22.fxg5 Rh8 23.Bxd7  1-0

[Event "TCh-RUS HL"]
[Site "Sochi RUS"]
[Date "2007.05.08"]
[Round "6"]
[White "Ionov,S"]
[Black "Olenin,N"]
[Result "1/2-1/2"]
[WhiteElo "2539"]
[BlackElo "2409"]

1.Nf3 f5 2.g3 Nf6 3.Bg2 g6 4.O-O Bg7 5.d4 O-O 6.c4 d6 7.Nc3 Nc6 8.d5 Na5
9.Qd3 c5 10.Bd2 a6 11.Rab1 e5 12.dxe6 Bxe6 13.b3 Kh8 14.Ng5 Bg8 15.e4 Nc6
16.exf5 gxf5 17.Rbd1 Qd7 18.Na4 Rae8 19.Bc3 Nd4 20.Bxd4 cxd4 21.Nf3 b5 22.Nb2 Ng4
23.Nxd4 Ne5 24.Qd2 bxc4 25.Nxc4 f4 26.Nxe5 dxe5 27.Nc2 Qf5 28.gxf4 exf4 29.Nd4 Qh5
30.Nf3 Be6 31.Rfe1 Bg4 32.Rxe8 Rxe8 33.Qd5 Bc3 34.Qxh5 Bxh5 35.Rd3 Ba1 36.Rd1 Bc3
37.Rd3 Ba1  1/2-1/2

[Event "Stuttgarter Stadtmeisterschaft"]
[Site "Gerlingen GER"]
[Date "2007.05.17"]
[Round "1"]
[White "Reich,T"]
[Black "Sbierski,J"]
[Result "1-0"]
[WhiteElo "2440"]
[BlackElo "2072"]

1.d4 f5 2.Nf3 Nf6 3.g3 g6 4.Bg2 Bg7 5.O-O O-O 6.c4 d6 7.Nc3 Qe8 8.b3 Na6
9.Ba3 c6 10.Re1 Rb8 11.e4 fxe4 12.Nxe4 Nxe4 13.Rxe4 Bf5 14.Re2 Qd7 15.Qd2 Bg4
16.Rae1 Bxf3 17.Rxe7 Qd8 18.Bh3 c5 19.Rd7 Qf6 20.Ree7 Rbe8 21.Rxg7+ Qxg7
22.Rxg7+ Kxg7 23.Bb2 Kg8 24.d5  1-0

[Event "16th TCh-CRO"]
[Site "Sibenik CRO"]
[Date "2007.05.17"]
[Round "1"]
[White "Kozul,Z"]
[Black "Kovacevic,Bl"]
[Result "1-0"]
[WhiteElo "2610"]
[BlackElo "2442"]

1.d4 f5 2.g3 Nf6 3.Bg2 g6 4.Nf3 Bg7 5.O-O O-O 6.c4 d6 7.Nc3 Qe8 8.d5 a5 9.Be3 Na6
10.Rc1 Bd7 11.Qb3 Ng4 12.Bd4 Bh6 13.e3 c5 14.dxc6 bxc6 15.c5+ d5 16.h3 e5
17.hxg4 exd4 18.g5 Nxc5 19.Qa3 Bg7 20.Qxc5 dxc3 21.bxc3 Rf7 22.c4 Bf8 23.Qd4 dxc4
24.Rfd1 c5 25.Qf4 Bg7 26.Rxc4 Rc8 27.Rdc1 Qe7 28.R4c2 Rff8 29.Bf1 Kh8 30.Ba6 Ra8
31.Bb7 Rab8 32.Qc7 Qf7 33.Rxc5 Be6 34.Qxf7 Bxf7 35.Bd5 Bb2 36.R1c2 Ba3 37.Ne5 Bxc5
38.Nxf7+ Rxf7 39.Bxf7 Rc8 40.Bb3 Kg7 41.Rd2 Rc7 42.Kg2 Be7 43.Rd5 Bc5 44.Re5 h6
45.gxh6+ Kxh6 46.Re6 Bb4 47.Ba4 Kg7 48.Ra6 Re7 49.g4 Bd2 50.Kf3 fxg4+ 51.Ke2 Bc3
52.Bc2 Bf6 53.Rxa5 Bh4 54.Ra6 g5 55.Rg6+ Kf8 56.Bb3 Re5 57.Rf6+ Ke7 58.Rf7+ Kd6
59.a4 g3 60.fxg3 Bxg3 61.Kf3 Be1 62.Rg7 Bd2 63.e4 Rc5 64.Kg4 Ke5 65.Re7+ Kd4
66.Rd7+ Kc3 67.Bd1 Bf4 68.Be2 Re5 69.Kf3 Kb3 70.Bb5 Bc1 71.Rd4 Bb2 72.Rd3+ Kb4
73.Bc6 Rc5 74.Rd6 Be5 75.Re6 Bc7 76.Kg4 Bf4 77.Bb5 Bh2 78.Rf6 Re5 79.Bc6 Rc5
80.Bd7 Re5 81.Rb6+ Kc4 82.Bc6 Kc5 83.Ra6 Bf4 84.Bd5 Kb4 85.Ra8 Re7 86.a5 Kb5
87.a6 Kb6 88.Bb7 Re5 89.Rf8 Ra5 90.Rf6+ Ka7 91.Rf7 Kb6 92.Bc8 Rc5 93.Bb7 Ra5
94.Kh5 Be3 95.Rf6+ Ka7 96.Rf5 Ra1 97.e5 Ra5 98.Kg6 Bf4 99.e6 Ra1 100.e7 Re1
101.Kf7  1-0

[Event "3rd UKR Games Men"]
[Site "Evpatoria UKR"]
[Date "2007.05.21"]
[Round "1"]
[White "Borovikov,V"]
[Black "Nosenko,A"]
[Result "1/2-1/2"]
[WhiteElo "2584"]
[BlackElo "2508"]

1.d4 f5 2.Nf3 Nf6 3.g3 g6 4.Bg2 Bg7 5.O-O O-O 6.c4 d6 7.Nc3 Qe8 8.d5 a5 9.Nd4 Na6
10.Rb1 Bd7 11.b3 Nc5 12.a3 c6 13.dxc6 bxc6 14.b4 axb4 15.axb4 Nce4 16.Nxe4 Nxe4
17.Bb2 Rb8 18.Nc2 Nc3 19.Bxc3 Bxc3 20.Qd3 Bg7 21.e3 Qc8 22.Rfc1 Qa6 23.Nd4 Qa4
24.Bxc6 Bxc6 25.Ra1 Qxb4 26.Nxc6 Qb7 27.Qd5+ Kh8 28.Nxb8  1/2-1/2

[Event "3rd UKR Games Men"]
[Site "Evpatoria UKR"]
[Date "2007.05.23"]
[Round "4"]
[White "Korobov,A"]
[Black "Muzychuk,A"]
[Result "1/2-1/2"]
[WhiteElo "2531"]
[BlackElo "2474"]

1.d4 f5 2.g3 Nf6 3.Bg2 g6 4.Nf3 Bg7 5.O-O O-O 6.c4 d6 7.Nc3 e6 8.b4 Qe7 9.Qb3 Kh8
10.a4 Nbd7 11.c5 Ne4 12.Bb2 Ndf6 13.Rac1 b6 14.Nxe4 Nxe4 15.Rfd1 Rb8 16.c6 b5
17.a5 a6 18.Qe3 Nf6 19.d5 Ra8 20.Ng5 Re8 21.Rd4 exd5 22.Qb3 Be6 23.Nxe6 Qxe6
24.e3 Re7 25.Rcd1  1/2-1/2

[Event "3rd UKR Games Women"]
[Site "Evpatoria UKR"]
[Date "2007.05.25"]
[Round "7"]
[White "Abramchuk,K"]
[Black "Goreskul,A"]
[Result "1/2-1/2"]
[WhiteElo "2156"]
[BlackElo "2265"]

1.d4 f5 2.Nf3 Nf6 3.g3 g6 4.Bg2 Bg7 5.O-O O-O 6.c4 d6 7.Nc3 Qe8 8.d5 Na6
9.Rb1 Bd7 10.b4 c6 11.dxc6 bxc6 12.b5 cxb5 13.cxb5 Nc5 14.a4 Rc8 15.Nd4 Nfe4
16.Nxe4 Nxe4 17.Bb2 Qf7 18.e3 e5 19.Ne2 Be6 20.Ba3 Rfd8 21.Rb2 Nc5 22.Bxc5 Rxc5
23.Qd2 Bc4 24.Rc1 d5 25.Qb4 Bf8 26.Qa5 Rdc8 27.Rd1 Bg7 28.Qb4 Kh8 29.Rbd2 Qe6
30.h3 g5 31.Kh2 h6 32.Qa3 Bf6 33.Qb4 Kg7 34.Qa5 Qf7 35.Qa6 R8c7 36.Qd6 Qd7
37.Qa6 Qf7 38.Qd6 Qd7 39.Qa6 Qf7  1/2-1/2

[Event "50th TCh-SRB Cup"]
[Site "Mataruska Banja SRB"]
[Date "2007.05.25"]
[Round "5"]
[White "Rakic,B"]
[Black "Cobic,V"]
[Result "0-1"]
[WhiteElo "2220"]
[BlackElo "2341"]

1.Nf3 g6 2.g3 Bg7 3.Bg2 f5 4.d4 Nf6 5.O-O O-O 6.c4 d6 7.Qc2 Nc6 8.Rd1 Ne4
9.d5 Nb4 10.Qb3 a5 11.Na3 e5 12.dxe6 Bxe6 13.Nd4 Bf7 14.Bxe4 fxe4 15.Be3 c5
16.Ne6 Bxe6 17.Bxc5 dxc5 18.Rxd8 Raxd8 19.Rd1 Bd4 20.e3 Be5 21.Nb5 Bg4 22.Rd5 a4
23.Qxa4 Nxd5 24.cxd5 Rxd5 25.Qc4 Be6 26.Qc2 Kg7 27.Kg2 Bg4 28.Nc3 Bf3+ 29.Kh3 Bxc3
30.Qxc3+ Kh6 31.g4 Rg5  0-1

[Event "Spring Open"]
[Site "Uzhgorod UKR"]
[Date "2007.05.27"]
[Round "6"]
[White "Borsos,B"]
[Black "Dovzik,J"]
[Result "1/2-1/2"]
[WhiteElo "2328"]
[BlackElo "2415"]

1.d4 f5 2.Nf3 Nf6 3.g3 g6 4.Bg2 Bg7 5.O-O O-O 6.c4 c6 7.Nc3 Ne4 8.Qc2 d5
9.cxd5 cxd5 10.Bf4 Nc6 11.Rfd1 Be6 12.Rac1 Rc8 13.Ne5 Qb6 14.e3 Nxe5 15.Bxe5 Bxe5
16.dxe5 Bf7 17.Qb3 Qxb3 18.axb3 e6 19.Bxe4 fxe4 20.Nb5 g5 21.Nxa7 Ra8 22.Nb5 Bh5
23.Re1 Ra2 24.Rc2 Bg4 25.Nd6 b6 26.Rb1 Rfa8 27.h4 gxh4 28.gxh4  1/2-1/2

[Event "1st Alushta Summer"]
[Site "Alushta UKR"]
[Date "2007.06.03"]
[Round "2"]
[White "Lazarov,A RUS"]
[Black "Malaniuk,V"]
[Result "1-0"]
[WhiteElo "2345"]
[BlackElo "2529"]

1.Nf3 f5 2.d4 g6 3.c4 Bg7 4.g3 Nf6 5.Bg2 O-O 6.O-O d6 7.Nc3 c6 8.Re1 Ne4
9.Qc2 Nxc3 10.bxc3 e5 11.dxe5 dxe5 12.Ba3 Re8 13.Rad1 Qf6 14.e4 f4 15.Qb3 h6
16.Rd6 Qf7 17.Nh4 Be6 18.Nxg6 f3 19.Bf1 Qxg6 20.Qxb7 Nd7 21.Qxd7 Bxd7 22.Rxg6 Be6
23.h4 Rad8 24.Rb1 Rd7 25.Bc5 Kf7 26.h5 Red8 27.Rxe6 Kxe6 28.Bh3+ Kf7 29.Bxd7 Rxd7
30.Be3 Bf8 31.g4 a5 32.Kh2 Rd3 33.Rc1 Rd7 34.Kg3 Rb7 35.a4 Rb3 36.Kxf3 Ra3
37.c5 Rxa4 38.Rb1 Rc4 39.Rb6 a4 40.Rxc6 a3 41.Ra6 Rxc3 42.g5 Bxc5 43.g6+ Kg7
44.Kg4 Bxe3 45.fxe3 Rxe3 46.Kf5 Rf3+ 47.Kxe5 Rh3 48.Ra7+ Kg8 49.Kf5 Rf3+
50.Kg4 Re3 51.Kf4 Rh3 52.e5  1-0

[Event "FSGM June"]
[Site "Budapest HUN"]
[Date "2007.06.05"]
[Round "4"]
[White "Erdos,V"]
[Black "Pasalic,Ha"]
[Result "1-0"]
[WhiteElo "2518"]
[BlackElo "2261"]

1.d4 f5 2.c4 g6 3.Nf3 Bg7 4.g3 Nf6 5.Bg2 O-O 6.O-O d6 7.Nc3 c6 8.d5 e5 9.dxe6 Bxe6
10.b3 Kh8 11.Ba3 Ne8 12.Qd2 Na6 13.e4 Qa5 14.Bb2 fxe4 15.Ng5 Bg8 16.Rad1 Nac7
17.Rfe1 d5 18.cxd5 Nxd5 19.Ngxe4 Rd8 20.Qc1 Nef6 21.Nxd5 Rxd5 22.Qa1 Ne8
23.h4 Qc7 24.Ng5 Rxd1 25.Rxd1 h6 26.Nf3 Bxb2 27.Qxb2+ Qg7 28.Ne5 Nf6 29.Rd6 Bh7
30.Qd4 Qe7 31.Rd7 Qe6 32.Rxb7 Kg8 33.Bf1 g5 34.hxg5 hxg5 35.Qc4 Nd5 36.Nxc6 Rxf2
37.Ne7+ Kf8 38.Nxd5 Be4 39.Qc5+ Kg8 40.Rb8+  1-0

[Event "Doroshkevich Mem"]
[Site "Belorechensk RUS"]
[Date "2007.06.06"]
[Round "9"]
[White "Malyuga,V"]
[Black "Cherniaev,A1"]
[Result "0-1"]
[WhiteElo "2235"]
[BlackElo "2487"]

1.Nf3 f5 2.g3 Nf6 3.Bg2 g6 4.c4 Bg7 5.d4 O-O 6.O-O d6 7.Nc3 Na6 8.a3 c6 9.Qc2 Qe8
10.d5 Bd7 11.Bg5 Qf7 12.Rad1 h6 13.Bc1 Nc7 14.Qb3 Rfb8 15.Qa2 c5 16.b4 b6
17.Bd2 e5 18.bxc5 bxc5 19.Rb1 e4 20.Ne1 Ng4 21.h3 Ne5 22.Nc2 g5 23.a4 Ne8
24.a5 f4 25.Nxe4 f3 26.exf3 Nxf3+ 27.Kh1 Qh5 28.Ne1 Nxd2 29.Rxb8 Rxb8 30.Qxd2 Bxh3
31.Kg1 Bg4 32.Nd3 Bd4 33.Re1 Qg6  0-1